MDQL
is popping MORE tags! Check the
thread
!
Quizzes
Events
Quiz Creation
Community
Videos
Private Events
Remove Ads
Sign In
Join for FREE
Feedback
Dark Mode
Quiz Categories
Sports
Geography
Music
Movies
Television
Just For Fun
Miscellaneous
History
Literature
Language
Science
Gaming
Entertainment
Religion
Holiday
For Kids
Quiz Lab
Recent
Popular Today
Quiz Kudos Today
Editor Picks
Curator Picks
Quizzes by...
Day
Popularity
Type
Ratings
Length
Year
Community
Subscriptions
Recent Discussions
Orange Saloon
Badges
Playlists
Quests
Create
Leaderboards
Showdown
Live 5
Trivia Bingo
Activity
Puzzle Library
Sporcle Events
Private Events
Virtual Trivia
Globe League
Become a Host
Pub Owners
SporcleCon
Opinionation
Our Games
Videos
Blog
Mobile Apps
Partnerships
Remove Ads and Go Orange
Feedback
Science
Computer
Plants
Astronomy
Chemistry
Elements
Math
Animal
Physics
Anatomy
Biology
Geology
General Science
Science
Computer
Plants
Astronomy
Chemistry
Elements
Math
Animal
Physics
Anatomy
Biology
Geology
General Science
Random Quiz
Search Sporcle
×
Quiz Lab
Quiz Lab
Science
Veterinary
Type in answers that appear in a list
Type in answers that appear in a list
Classic
Best Score? Go Orange.
Veterinary Differentials - Acute Abdomen Stats
Can you name the SA Veterinary Differentials - Acute Abdomen?
By
opjoec
7m
34 Questions
298 Plays
298 Plays
298 Plays
Comments
Comments
Give Quiz Kudos
Give Quiz Kudos
-
- Ratings
hide this ad
Replay
Link that replays current quiz
Next Quiz
Link to next quiz in quiz playlist
You Got
0%
They Got
Avg Score
33%
Avg Friend Score
Upgrade to see
Score Distribution
Jump to the score distribution portion of the page
Score
0/34
Timer
07:00
0
Plays Today
% Correct
Pancreatitis
94.3%
Peritonitis (septic or non-septic i.e. uroabdomen)
73.5%
Foreign Body
66.4%
Gastric Dilatation and Volvulus
63.8%
Splenic rupture
62.1%
Splenic torsion
55%
Torsion, Intussusception, Mesenteric Volvulus
54.4%
Neoplasia
50%
Neoplasia
50%
Neoplasia
50%
Gastritis, Enteritis
46%
Hepatitis
44.6%
Lower Urinary Tract Obstruction
44.3%
Uroliths, ureteroliths, renoliths
40.9%
Metritis, Pyometra
40.9%
Fractures
37.2%
Lower Urinary Tract Infection
33.6%
% Correct
Cholelithiasis, Cholecystitis
29.9%
Pyelonephritis
28.2%
GI ulcer
26.2%
Splenic Infection
21.8%
Infarcts
18.5%
Intervertebral Disc Disease
16.8%
Prostatitis
12.8%
Intestinal Ischemia
9.7%
Testicular torsion
9.1%
Diskospondylitis
8.4%
Adrenalitis (associated with hypoadrenocorticism)
7.4%
Abscess
7%
Mastitis
5.4%
Rocky Mountain Spotted Fever
4.4%
Iatrogenic
4.4%
Nonseptic Cystitis (Idiopathic cystitis - cats)
3%
Heavy Metal Intoxication
2.7%
Quiz Playlist
Details
Report
Send in Message
Add To Playlist
Classic:
Type in answers that appear in a list
Last Updated: Feb 16, 2017
Quiz Scoreboard
CHALLENGE
Sign Up to Join the Scoreboard
Show All
Scores
Hide
Comments
May contain spoilers
Recently Published
Street Fighter Characters
by Artimus82
Gaming
60s
9x9 Crossword: Cartoon Network
by jackfrog10
Miscellaneous
3m
College Basketball Coaching Resumes
by pancakes188
Sports
9m
More to Explore
Quiz From the Vault
Featured Blog Post
Where Did the Easter Bunny Come From?
hide this ad
You Might Also Like...
Tags
Acute
Differential
Veterinary
Today's Top Quizzes in Science
Browse Science
hide this ad
Top Contributed Quizzes in Science
1
Quick Pick: Radians
2
The First 100 Digits of Pi
3
Quick Pick: 'CI-CJ' Animals
4
Elements In Images
5
perfect squares 1-25
6
One Thing in Common: Science
7
One Thing in Common: Science II
8
One Thing in Common: Animals
9
One Thing in Common: Science III
10
Science Jokes
Explore More
Trending Topics
Marvel
Crossword
NBA
Kpop
Disney
Harry Potter
Anime
NFL
WWE
The Office
Song
Country
Pokémon
Soccer
Puzzle
hide this ad
More By:
opjoec
Quiz
Plays
Rating
Category
Featured
Created
Animal Records
1,061
3.79
Science
Nov 4, 2009
Veterinary Differentials - Acute Abdomen
298
Science
May 17, 2010
AVMA Accredited Veterinary Schools
142
5.00
Miscellaneous
Oct 20, 2009
SA Veterinary Differentials - Urinalysis
67
Science
May 17, 2010
SA Veterinary Differentials - Cholesterol
57
Science
May 15, 2010
Go to Creator's Profile
Score Distribution
Quiz Creator Spotlight
opjoec
Follow
Send a Message
Quizzes Created
-
Created Quiz Play Count
-
More By This Creator
Popular Quizzes Today
1
Find the US States - No Outlines Minefield
2
Find the Countries of Europe - No Outlines Minefield
3
The Countries of the World
4
Find the US States
5
Risky Map Clicking: Biggest States A-Z
6
US States
7
Popular People in 1961
8
Movies - When Are They Set?
More Science Quizzes
Common Chemical Structures
Editor's Pick
Trending Quizzes
Risky Map Clicking: Least Populous States A-Z
Countries of the World: 200 Million BC
Billboard Blitz: Aretha Franklin
1-10 Letter G Words
Famous Russians: Author or Composer?
Recently Updated
Leaping Animals
pecheneg
Reality TV Shows (A-Z)
bhenderson79
Rickey Henderson's Hall of Fame Teammates
pecheneg
Champions League XIs: Arsenal
pecheneg
Quick Pick: Celebrities in WWE's Hall of Fame
aduchscher
A-Z Keypad Blitz II
pecheneg
Multiple Oscar Actors
pecheneg
Mystery Phrase Blitz: Oscar 'Best Actors'
pecheneg
F. Scott Fitzgerald Novels
LTH
Pick 3 Villains
ddd62291
Trending Topics
NBA
Kpop
Crossword
Marvel
Disney
Anime
Harry Potter
Pokémon
WWE
Soccer
Country
Song
The Office
NFL
Puzzle
Your Account Isn't Verified!
In order to create a playlist on Sporcle, you need to verify the email address you used during registration. Go to your
Sporcle Settings
to finish the process.
Report this User
Report this user for behavior that violates our
Community Guidelines
.
Details:
Send Report
Go to the Sporcle.com Mobile Site →
Comments